LEADER 01420nam a2200289 i 4500 001 000000101318 003 CaOOAMICUS 005 20100420000000.0 008 100420s1967 it u000 u ita u 013 $a73470 040 $aSeMil$bita 100 1 $aDe Martino, Ernesto <1908-1965>.$0(OLS)http://semarc/name/36133 245 13$aIl mondo magico :$bprolegomeni a una storia del magismo /$cErnesto De Martino. 260 $aTorino :$bP. Boringhieri,$c1967. 300 $a317 p. ;$c22 cm. 490 0 $aBiblioteca di cultura scientifica ;$v.Serie Viola, 1 490 0 $aBiblioteca di cultura scientifica. Serie viola: l'uomo ;$v1 500 $aSegue appendice con saggi dello stesso autore e di B. Croce, E. Paci, R. Pettazzoni, M. Eliade. 650 4$aMagia - Storia.$0(OLS)http://semarc/subject/13438 650 4$aMagia - Aspetti socio-culturali.$0(OLS)http://semarc/subject/18010 830 0$aBiblioteca di cultura scientifica ;$v.Serie Viola, 1.$0(OLS)http://semarc/title/6896 830 0$aBiblioteca di cultura scientifica. Serie viola: l'uomo ;$v1.$0(OLS)http://semarc/title/18493 850 $aSeMil 852 $aSeMil$W1$xVenegono$y1$m2X IV 122$j58177$B58177$CSeMilBibl$Z2$F68829 $81 961 $aAcquisto: Altro 996 $6245$aIl mondo magico :$bprolegomeni a una storia del magismo$9(OLS)http://semarc/title/148259 996 $6260$aTorino :$bP. Boringhieri$9(OLS)http://semarc/publisher/32452 LEADER 01264nam a2200313 i 4500 001 000000125188 003 CaOOAMICUS 005 20190129140301.0 008 051116s1990 it u000 u ita u 013 $a97887 020 $a88-452-1657-8 040 $aSeMil$bita 100 1 $aEco, Umberto,$d<1932-2016>.$0(OLS)http://semarc/name/3132 245 12$aI limiti dell'interpretazione /$cUmberto Eco. 260 $aSonzogno :$bBompiani,$ccopyr. 1990. 300 $a369 p. ;$c22 cm. 490 0 $aStudi Bompiani. Il campo semiotico 500 $aCon dedica autografa al Card. C.M. Martini. - Fondo Card. C.M. Martini. 650 4$aCritica letteraria.$0(OLS)http://semarc/subject/5094 650 4$aSemiotica.$0(OLS)http://semarc/subject/2069 830 0$aStudi Bompiani. Il campo semiotico.$0(OLS)http://semarc/title/19528 850 $aSeMil 852 $aSeMil$W1$xVenegono$y1$m1D VI 128$j79677$B79677$CSeMilBibl$Z2$F105806 $81 941 1 $a4 961 $aOmaggio: Ciprandi dott. Paolo 996 $6020$a88-452-1657-8$9(OLS)http://semarc/number/111106 996 $6245$aI limiti dell'interpretazione$9(OLS)http://semarc/title/184359 996 $6260$aSonzogno :$bBompiani$9(OLS)http://semarc/publisher/34090